000 01240nam a2200349 i 4500
001 000016280
003 DO-SdBNP
005 20260420105857.0
007 ta
008 100303s1982 dr d r 000 0 spa d
040 _aDO-SdBNP
_bspa
_cBNPHU
_erda
082 4 _a519.53
_bR788e
_222
100 1 _aRosa, Jesús de la
_919724
_eautora
245 1 0 _aEstadística psico-educativa /
_cJesús de la Rosa ; presentación, Jacobo Moquete.
264 _aSanto Domingo :
_bUASD,
_c1982.
300 _a486 páginas :
_bilustraciones, diagrámas ;
_c21 cm.
336 _2rdacontent
_atexto
_btxt
337 _2rdamedia
_asin mediación
_bn
338 _2rdacarrier
_avolumen
_bnc
490 1 _aPublicaciones de la Universidad Autónoma de Santo Domingo
_v309
490 1 _aEducación y sociedad
_v19
590 _aInventariado, 2019/BT
650 0 _aEstadística
_94647
650 4 _aEsducación - estadística
_936347
650 4 _aEstadística educativa
_936348
650 4 _aEstadística - enseñanza
_936349
650 4 _aEstadísticas descriptivas
_936350
700 1 2 _aMoquete, Jacobo,
_925913
_epresentación
710 1 2 _aUniversidad Autónoma de Santo Domingo
_972951
910 _aValidado. Control de calidad. MFF
942 _2ddc
_cLBS1
999 _c15815
_d15815